000 00743nam a22002057a 4500
005 20100802120927.0
010 _aENG-97252
020 _a9789380283753
_c150.00
035 _aEN-80785
037 _bDBAD/PUB
082 _aN
100 _aAshraf,Ayed Muhammad
_94005
245 _aThe Beast :
_bnumberdar ke neela /
_cby Syed Muhammad Ashraf ; translated from the urdu by Musharrag Ali Farooqi /
260 _aNew Delhi
_bTranquebar Press
_c2009
270 _a47,Brij ,Mohan Road, Daryaganj
_bNew Delhi
_e110002
300 _aviii,104p
_c17cm (pbk)
700 _aFarooqi, Musharraf Ali
_94006
942 _2ddc
_cEN
_hF
_mASH
999 _c38579
_d38579